000 00568nam a22001817a 4500
003 OSt
005 20140310182447.0
008 130221t xxu||||| |||| 00| 0 eng d
020 _a9789715847421
050 _aQD 155
_b.N964 2008
100 _aNucum, Zenaida T.
_92236
245 _aLaboratory manual in general inorganic chemistry /
_cZenaida T. Nucum, Freddie John V. Calumno, Alfa A. Dacumos
260 _aManila, Philippines :
_bC & E Publishing,
_cc2008.
300 _a103 p :
_c25 cm.
_bill. ;
942 _2lcc
_cSSLC
999 _c13625
_d13625